000 00412cam a2200181 4500
001 D8233
008 090401t1974 xxu||||| |||| 00| 0 eng d
035 _a(Sirsi) u11913
041 _aeng
050 _a346.41043
100 _aRiddall, J.G.
245 _aIntroduction to land law
260 _aLondon
_bButterworths
_c1974
300 _axxi. 351p. 25cm
350 _a0
942 _n0
948 _c04/03/1997
999 _c86930
_d86930